000
00327nam a22001457a 4500
008
210526b ||||| |||| 00| 0 eng d
020
_a
2901133957170
041
_a
eng
080
_a
316
082
_a
316
100
_a
50
101
_a
SOC
245
_a
Sociology in Out Times The Essentials
_c
Kendall,D
942
_2
udc
_c
BK
999
_c
57635
_d
57635